Search the Library Catalogue
| 000 -LEADER | |
|---|---|
| fixed length control field | 01016nam a2200193Ia 4500 |
| 008 - FIXED-LENGTH DATA ELEMENTS--GENERAL INFORMATION | |
| fixed length control field | 241212s9999 xx 000 0 und d |
| 020 ## - INTERNATIONAL STANDARD BOOK NUMBER | |
| ISBN | 9780349420967 |
| Paper back/Hardbound | pbk |
| 041 ## - LANGUAGE CODE | |
| Language code of text/sound track or separate title | eng |
| 082 ## - DEWEY DECIMAL CLASSIFICATION NUMBER | |
| Classification number | 658.4022 |
| Item number | SNO |
| 100 ## - MAIN ENTRY--AUTHOR NAME | |
| Personal name | Snow, Shane |
| 245 #0 - TITLE STATEMENT | |
| Title | Dream teams : working together without falling apart |
| Statement of responsibility, etc | / Shane Snow |
| 260 ## - PUBLICATION, DISTRIBUTION, ETC. (IMPRINT) | |
| Name of publisher | Piatkus |
| Year of publication | 2018 |
| Place of publication | London, 2018 |
| 300 ## - PHYSICAL DESCRIPTION | |
| Number of Pages | xv, 286 p. |
| Other physical details | : ill., charts |
| Dimensions | ; 24 cm |
| 504 ## - BIBLIOGRAPHY, ETC. NOTE | |
| Bibliography, etc | Includes index |
| 520 ## - SUMMARY, ETC. | |
| Summary, etc | Award-winning entrepreneur and journalist Shane Snow reveals the counterintuitive reasons why so many partnerships and groups break down--and why some break through. The best teams are more than the sum of their parts, but why does collaboration so often fail to fulfill this promise? In Dream Teams, Snow takes us on an adventure through history, neuroscience, psychology, and business, exploring what separates groups that simply get by together from those that get better together. |
| 650 ## - SUBJECT ADDED ENTRY--TOPICAL TERM | |
| Topical Term | Cooperative Behavior |
| 942 ## - ADDED ENTRY ELEMENTS (KOHA) | |
| Koha item type | English Books |
| Withdrawn status | Lost status | Damaged status | Not for loan | Home library | Current library | Shelving location | Date acquired | Cost, normal purchase price | Full call number | Accession Number | Price effective from | Koha item type |
|---|---|---|---|---|---|---|---|---|---|---|---|---|
| Anna Centenary Library | Anna Centenary Library | 6TH FLOOR, A WING | 28.09.2024 | 699.00 | 658.4022 SNO | 698653 | 12.12.2024 | English Books | ||||
| Anna Centenary Library | Anna Centenary Library | 6TH FLOOR, A WING | 28.09.2024 | 699.00 | 658.4022 SNO;1 | 698654 | 12.12.2024 | English Books |